Thiết kế logo - mẫu quảng cáo với CorelDRAW 12
Bewaard in:
| Hoofdauteur: | |
|---|---|
| Andere auteurs: | |
| Taal: | Undetermined |
| Gepubliceerd in: |
Hà Nội
Giao thông vận tải
2005
|
| Tags: |
Voeg label toe
Geen labels, Wees de eerste die dit record labelt!
|
| Thư viện lưu trữ: | Trung tâm Học liệu Trường Đại học Trà Vinh |
|---|
| LEADER | 00541nam a2200193Ia 4500 | ||
|---|---|---|---|
| 001 | TVU_9049 | ||
| 008 | 210423s9999 xx 000 0 und d | ||
| 041 | |a Vie | ||
| 082 | |a 5.74 | ||
| 082 | |b T523 | ||
| 100 | |a Trần, Tường Thụy | ||
| 245 | 0 | |a Thiết kế logo - mẫu quảng cáo với CorelDRAW 12 | |
| 245 | 0 | |c Trần Tường Thụy | |
| 260 | |a Hà Nội | ||
| 260 | |b Giao thông vận tải | ||
| 260 | |c 2005 | ||
| 300 | |a Đĩa CD + | ||
| 700 | |a Trần Tường Thụy | ||
| 980 | |a Trung tâm Học liệu Trường Đại học Trà Vinh | ||